[Event "Oberliga Nord O 2223"]
[Site "Germany"]
[Date "2023.01.15"]
[Round "4.4"]
[White "Hertel, Johannes"]
[Black "Noack, Thomas"]
[Result "1-0"]
[WhiteElo "1999"]
[BlackElo "1999"]
[PlyCount "45"]
[EventDate "2022.10.23"]
[EventType "team-tourn"]
[EventRounds "9"]
[EventCountry "GER"]
[SourceTitle "EXT 2025"]
[Source "ChessBase"]
[SourceDate "2024.10.14"]
[SourceVersion "1"]
[SourceVersionDate "2024.10.14"]
[SourceQuality "1"]
[WhiteTeam "Greifswald"]
[BlackTeam "Frankfurt/O"]
[WhiteTeamCountry "GER"]
[BlackTeamCountry "GER"]

1. d4 d5 2. c4 c6 3. Nf3 Nf6 4. e3 a6 5. Bd3 e6 6. b3 Bd6 7. Bb2 0-0 8. 0-0 b6 9. Ne5 Bb7 10. Nd2 Nbd7 11. f4 c5 12. Qf3 cxd4 13. exd4 dxc4 14. Bxh7+ Kxh7 15. Qxb7 cxb3 16. axb3 Bxe5 17. fxe5 Nd5 18. Ba3 Rb8 19. Qxa6 Ne3 20. Qd3+ Nf5 21. Bxf8 Nxf8 22. Nf3 Kg8 23. Qe4 1-0

[Event "Sachsen-Anhalt-ch op"]
[Site "Magdeburg"]
[Date "2022.11.01"]
[Round "7"]
[White "Janeke, Thomas"]
[Black "Noack, Thomas"]
[Result "0-1"]
[WhiteElo "1700"]
[BlackElo "1989"]
[PlyCount "121"]
[EventDate "2022.10.29"]
[EventType "swiss"]
[EventRounds "7"]
[EventCountry "GER"]
[SourceTitle "CBM 211 Extra"]
[Source "ChessBase"]
[SourceDate "2023.01.31"]
[SourceVersion "1"]
[SourceVersionDate "2023.01.31"]
[SourceQuality "1"]

1. c4 c5 2. Nc3 Nf6 3. Nf3 d5 4. e3 e6 5. d4 Nc6 6. dxc5 Bxc5 7. Be2 0-0 8. 0-0 dxc4 9. Bxc4 a6 10. b3 b5 11. Be2 Bb7 12. Bb2 Qe7 13. Qc2 Rfd8 14. Rad1 Ba3 15. Rxd8+ Rxd8 16. Rd1 Rc8 17. Qc1 Bxb2 18. Qxb2 h6 19. Qd2 Qc7 20. h3 Ne7 21. Nb1 Ned5 22. Nd4 Ne4 23. Qe1 Qc5 24. Bd3 Nb4 25. a3 Nxd3 26. Rxd3 Qd5 27. f3 e5 28. Qd1 Nc5 29. e4 Qd7 30. Rd2 exd4 31. Rxd4 Qc7 32. b4 Ne6 33. Rd7 Qb6+ 34. Kh2 Rd8 35. Nc3 Rxd7 36. Qxd7 Qc7+ 37. Qxc7 Nxc7 38. Kg3 Kf8 39. Kf4 Ke7 40. Ke5 f6+ 41. Kf5 Kf7 42. h4 g5 43. hxg5 hxg5 44. e5 Bc8+ 45. Ke4 f5+ 46. Kd4 Ke6 47. g4 fxg4 48. fxg4 Bb7 49. a4 Bf3 50. Kc5 Kxe5 51. Kb6 Nd5+ 52. Nxd5 Kxd5 53. axb5 axb5 54. Kxb5 Ke5 55. Kc5 Kf4 56. b5 Kxg4 57. b6 Kf4 58. Kd6 g4 59. Kc7 g3 60. b7 Bxb7 61. Kxb7 0-1

[Event "Sachsen-Anhalt-ch op"]
[Site "Magdeburg"]
[Date "2022.10.29"]
[Round "2"]
[White "Voigt, Maik"]
[Black "Noack, Thomas"]
[Result "0-1"]
[WhiteElo "1771"]
[BlackElo "1989"]
[PlyCount "68"]
[EventDate "2022.10.29"]
[EventType "swiss"]
[EventRounds "7"]
[EventCountry "GER"]
[SourceTitle "CBM 211 Extra"]
[Source "ChessBase"]
[SourceDate "2023.01.31"]
[SourceVersion "1"]
[SourceVersionDate "2023.01.31"]
[SourceQuality "1"]

1. c4 c5 2. Nf3 Nf6 3. Nc3 Nc6 4. g3 g6 5. Bg2 Bg7 6. 0-0 0-0 7. Rb1 d5 8. cxd5 Nxd5 9. e4 Nc7 10. a3 e5 11. d3 b6 12. b4 cxb4 13. axb4 Nd4 14. Nxd4 Qxd4 15. Ne2 Qd7 16. Be3 Ba6 17. Nc1 Rfd8 18. Rb3 Nb5 19. Qd2 Rac8 20. Rd1 Qe6 21. Qb2 Qc6 22. Qd2 Qc2 23. Rb2 Qc6 24. Bf1 Nc3 25. Re1 Nxe4 26. Bg2 Nxd2 27. Bxc6 Rxc6 28. Rxd2 Bb5 29. Ra2 Rd7 30. Rd1 Bf8 31. Rb2 Rcd6 32. Rc2 Ba4 33. Rc8 Bxd1 34. Bh6 Rd8 0-1

[Event "Oberliga Nord O 2223"]
[Site "Germany"]
[Date "2022.10.23"]
[Round "1.4"]
[White "Noack, Thomas"]
[Black "Nitsche Hahn, Raphael"]
[Result "0-1"]
[WhiteElo "1989"]
[BlackElo "2099"]
[PlyCount "102"]
[EventDate "2022.10.23"]
[EventType "team-tourn"]
[EventRounds "9"]
[EventCountry "GER"]
[SourceTitle "EXT 2025"]
[Source "ChessBase"]
[SourceDate "2024.10.14"]
[SourceVersion "1"]
[SourceVersionDate "2024.10.14"]
[SourceQuality "1"]
[WhiteTeam "Frankfurt/O"]
[BlackTeam "Berlin Empor"]
[WhiteTeamCountry "GER"]
[BlackTeamCountry "GER"]

1. e4 c5 2. Nc3 g6 3. f4 Bg7 4. Nf3 d6 5. Bb5+ Bd7 6. Bxd7+ Qxd7 7. 0-0 Nc6 8. d3 e6 9. Be3 Nge7 10. d4 cxd4 11. Nxd4 0-0 12. Qd2 Rfd8 13. Rad1 d5 14. exd5 Nxd5 15. Nxd5 Nxd4 16. Bxd4 Qxd5 17. Be3 Qxd2 18. Rxd2 Rxd2 19. Bxd2 Bxb2 20. Be3 Rc8 21. Rd1 a6 22. a4 Rxc2 23. Rd8+ Kg7 24. Rd7 b5 25. axb5 axb5 26. Rb7 Rc4 27. Rxb5 Bd4 28. Bxd4+ Rxd4 29. g3 Rd2 30. Rc5 Kf6 31. Rc7 h6 32. h3 g5 33. Rc4 Kf5 34. Rc7 f6 35. Rc4 Re2 36. Rb4 h5 37. Rc4 g4 38. h4 e5 39. fxe5 fxe5 40. Rb4 Rd2 41. Rb8 Ke4 42. Rb4+ Ke3 43. Rb5 e4 44. Rxh5 Kf3 45. Rf5+ Kxg3 46. h5 e3 47. Kf1 Rf2+ 48. Rxf2 exf2 49. h6 Kf3 50. h7 g3 51. h8Q g2# 0-1

[Event "GER-ch Net blitz qual1"]
[Site "Playchess.com INT"]
[Date "2021.04.24"]
[Round "8"]
[White "Foerster, Erik"]
[Black "Noack, Thomas"]
[Result "1-0"]
[WhiteElo "2304"]
[BlackElo "1783"]
[PlyCount "63"]
[EventDate "2021.04.24"]
[EventType "swiss (blitz)"]
[EventRounds "11"]
[EventCountry "GER"]
[SourceTitle "CBM 202 Extra"]
[Source "ChessBase"]
[SourceDate "2021.07.31"]
[SourceVersion "1"]
[SourceVersionDate "2021.07.31"]
[SourceQuality "1"]

1. Nf3 d5 2. d4 Nf6 3. g3 h6 4. Bg2 Bf5 5. c4 c6 6. Nc3 e6 7. Qb3 Qc8 8. 0-0 Be7 9. Nd2 0-0 10. e4 dxe4 11. Ndxe4 Nbd7 12. Bf4 Nxe4 13. Nxe4 Nf6 14. Nd6 Bxd6 15. Bxd6 Re8 16. Rad1 Qd7 17. Bf4 Be4 18. Bxe4 Nxe4 19. Rfe1 Nd6 20. Bxd6 Qxd6 21. Qxb7 Reb8 22. Qa6 Rxb2 23. d5 Qc5 24. Rf1 cxd5 25. cxd5 exd5 26. Rd3 Re8 27. Rf3 Ree2 28. a4 d4 29. Qd3 Red2 30. Qe4 Rb8 31. Qf4 Rf8 32. Qxd2 1-0

[Event "GER-ch Net blitz qual1"]
[Site "Playchess.com INT"]
[Date "2021.04.24"]
[Round "4"]
[White "Noack, Thomas"]
[Black "Schulze, Marc Andre"]
[Result "1-0"]
[WhiteElo "1783"]
[BlackElo "2094"]
[PlyCount "109"]
[EventDate "2021.04.24"]
[EventType "swiss (blitz)"]
[EventRounds "11"]
[EventCountry "GER"]
[SourceTitle "CBM 202 Extra"]
[Source "ChessBase"]
[SourceDate "2021.07.31"]
[SourceVersion "1"]
[SourceVersionDate "2021.07.31"]
[SourceQuality "1"]

1. e4 c6 2. d4 d5 3. Nd2 dxe4 4. Nxe4 Nf6 5. Nxf6+ exf6 6. c3 Bd6 7. Be3 0-0 8. Bd3 Qc7 9. Ne2 Re8 10. Qc2 g6 11. 0-0-0 a5 12. h4 Bg4 13. Rde1 Nd7 14. Bd2 Bxe2 15. Rxe2 Bf4 16. Rhe1 Bxd2+ 17. Qxd2 Rxe2 18. Qxe2 c5 19. d5 Ne5 20. Bc2 h5 21. f3 c4 22. g4 hxg4 23. f4 Nf3 24. Qe7 Qxf4+ 25. Qe3 Qxe3+ 26. Rxe3 Kf8 27. Bd1 Nxh4 28. Bxg4 f5 29. Bh3 f4 30. Re4 g5 31. Rxc4 f5 32. Kd2 g4 33. Rxf4 Nf3+ 34. Ke3 Re8+ 35. Kf2 Kg8 36. Rxf5 Nd2 37. Bxg4 Nc4 38. b3 Nd6 39. Rg5+ Kf7 40. Be6+ Kf6 41. Rg4 Ke5 42. Ke3 Rh8 43. Rg3 Rh2 44. c4 Rxa2 45. c5 Nf5+ 46. Bxf5 Kxf5 47. d6 Ke6 48. Rg6+ Kd7 49. Kd4 Rd2+ 50. Kc3 Rd5 51. b4 Kc6 52. Kc4 Rh5 53. b5+ Kd7 54. Rg7+ Ke6 55. d7 1-0

[Event "GER Cup Net Final-B U2000"]
[Site "Playchess.com INT"]
[Date "2020.06.06"]
[Round "10"]
[White "Lerch, Martin Erik"]
[Black "Noack, Thomas"]
[Result "1/2-1/2"]
[WhiteElo "1931"]
[BlackElo "1662"]
[PlyCount "48"]
[EventDate "2020.06.06"]
[EventType "swiss (blitz)"]
[EventRounds "13"]
[EventCountry "GER"]
[SourceTitle "CBM 197 Extra"]
[Source "ChessBase"]
[SourceDate "2020.09.30"]
[SourceVersion "1"]
[SourceVersionDate "2020.09.30"]
[SourceQuality "1"]

1. e4 e5 2. Nc3 Nf6 3. g3 Bc5 4. Bg2 d6 5. Nge2 0-0 6. d3 Nc6 7. 0-0 Bg4 8. h3 Bh5 9. Kh2 Qd7 10. Be3 Nd4 11. Bxd4 Bxd4 12. Qd2 Bb6 13. f4 Bxe2 14. Nxe2 exf4 15. Nxf4 c6 16. Qe2 Rae8 17. Nh5 Nxh5 18. Qxh5 Re5 19. Qf3 f5 20. exf5 Rexf5 21. Qe4 Rxf1 22. Rxf1 Rxf1 23. Bxf1 Qf7 24. Bg2 g6 1/2-1/2

[Event "GER Cup Net V4 U2000"]
[Site "Playchess.com INT"]
[Date "2020.05.31"]
[Round "1"]
[White "Moewisch, Dave"]
[Black "Noack, Thomas"]
[Result "1/2-1/2"]
[WhiteElo "1783"]
[BlackElo "1581"]
[PlyCount "95"]
[EventDate "2020.05.31"]
[EventType "swiss (blitz)"]
[EventRounds "9"]
[EventCountry "GER"]
[SourceTitle "EXT 2021"]
[Source "ChessBase"]
[SourceDate "2020.10.23"]
[SourceVersion "1"]
[SourceVersionDate "2020.10.23"]
[SourceQuality "1"]

1. e4 e5 2. Nf3 Nc6 3. Bc4 Bc5 4. c3 Nf6 5. d4 exd4 6. e5 d5 7. Bb5 Ne4 8. cxd4 Bb6 9. 0-0 0-0 10. Bxc6 bxc6 11. h3 c5 12. Nc3 cxd4 13. Nxd4 Nxc3 14. bxc3 c5 15. Nf3 Bb7 16. a4 Ba5 17. Qd3 c4 18. Qc2 h6 19. Rb1 Rb8 20. Ba3 Re8 21. Rfe1 Bb6 22. Bd6 Bc7 23. Bxc7 Qxc7 24. Qf5 Bc8 25. Qf4 Rxb1 26. Rxb1 Qd7 27. Rb4 a5 28. Rb5 Qf5 29. Qxf5 Bxf5 30. Rxa5 g5 31. g4 Be4 32. Nd4 Rxe5 33. Rc5 Bd3 34. a5 Re1+ 35. Kg2 Be4+ 36. f3 Bd3 37. Rxd5 Ra1 38. Nc6 Bf1+ 39. Kf2 Bxh3 40. Rd4 Bf1 41. Ne5 f6 42. Nxc4 Bxc4 43. Rxc4 Rxa5 44. Rc7 f5 45. gxf5 Rxf5 46. c4 h5 47. Kg3 Rf4 48. c5 1/2-1/2

[Event "GER Cup Net V4 U2000"]
[Site "Playchess.com INT"]
[Date "2020.05.31"]
[Round "3"]
[White "Schulz, Gerhard1"]
[Black "Noack, Thomas"]
[Result "0-1"]
[WhiteElo "1389"]
[BlackElo "1613"]
[PlyCount "112"]
[EventDate "2020.05.31"]
[EventType "swiss (blitz)"]
[EventRounds "9"]
[EventCountry "GER"]
[SourceTitle "EXT 2021"]
[Source "ChessBase"]
[SourceDate "2020.10.23"]
[SourceVersion "1"]
[SourceVersionDate "2020.10.23"]
[SourceQuality "1"]

1. d4 d5 2. Nf3 Nf6 3. e3 c6 4. Bd3 Bg4 5. 0-0 e6 6. Nbd2 Nbd7 7. c3 Bd6 8. e4 dxe4 9. Nxe4 Nxe4 10. Bxe4 Nf6 11. Bc2 Bc7 12. Bg5 Qd6 13. g3 Qd5 14. Bxf6 gxf6 15. Kg2 Qh5 16. h3 Bxh3+ 17. Kg1 Bxf1 18. Kxf1 0-0-0 19. Kg2 e5 20. Qd3 Qg4 21. Qf5+ Qxf5 22. Bxf5+ Kb8 23. Re1 Rhe8 24. Bxh7 exd4 25. Rxe8 Rxe8 26. Nxd4 Bb6 27. Nf5 Re2 28. b3 Rxf2+ 29. Kh3 Rxa2 30. Nd6 Kc7 31. Nxf7 Kd7 32. Bf5+ Ke7 33. Nh6 Rf2 34. Bd3 Rf3 35. Bc4 Rxc3 36. Nf5+ Kd7 37. Ng7 Bf2 38. Nf5 b5 39. Bf1 a5 40. Kg2 Bc5 41. Be2 a4 42. bxa4 bxa4 43. Bf3 Rxf3 44. g4 a3 45. Kxf3 a2 46. Ng7 a1Q 47. g5 fxg5 48. Ne6 Kxe6 49. Kg4 Qd4+ 50. Kh5 g4 51. Kh4 g3+ 52. Kxg3 Kf5 53. Kf3 Qd3+ 54. Kg2 Kg4 55. Kh2 Qg3+ 56. Kh1 Qg1# 0-1

[Event "Leipzig VfB op 25th"]
[Site "Leipzig"]
[Date "2018.03.21"]
[Round "2"]
[White "Noack, Thomas"]
[Black "Solberg, Joachim Krokvik"]
[Result "0-1"]
[WhiteElo "2015"]
[BlackElo "2301"]
[PlyCount "38"]
[EventDate "2018.03.20"]
[EventType "swiss"]
[EventRounds "9"]
[EventCountry "GER"]
[SourceTitle "CBM 183 Extra"]
[Source "ChessBase"]
[SourceDate "2018.04.19"]
[SourceVersion "1"]
[SourceVersionDate "2018.04.19"]
[SourceQuality "1"]

1. e4 c5 2. Nc3 a6 3. f4 e6 4. Nf3 d5 5. exd5 exd5 6. d4 Nf6 7. Be2 Nc6 8. Be3 cxd4 9. Nxd4 Bd6 10. 0-0 0-0 11. Kh1 Re8 12. Qd2 Bb4 13. Bf3 Bg4 14. a3 Ba5 15. Qd3 Qd7 16. Nce2 Re7 17. Bg1 Rae8 18. Nxc6 bxc6 19. Bc5 Rxe2 0-1